Statistics for Countries by most drinks produce

Click here to take the quiz!

General Stats

  • This quiz has been taken 61 times
  • The average score is 20 of 25

Answer Stats

DrinksAnswer% Correct
United States
98%
United States
98%
United States
98%
France
94%
China
91%
BeerChina
91%
TeaChina
91%
MilkIndia
91%
India
91%
Italy
91%
Germany
87%
CoffeeBrazil
83%
Brazil
83%
Brazil
83%
WineSpain
81%
Russia
79%
Pakistan
74%
Indonesia
72%
Colombia
70%
Vietnam
64%
Vietnam
64%
Sri Lanka
55%
Chile
53%
Ethiopia
53%
Kenya
43%

Score Distribution

Percentile by Number Answered

Percent of People with Each Score

Your Score History

You have not taken this quiz